[Event "Komarom Esztergom County-chT"]
[Site "Hungary"]
[Date "2013.04.14"]
[Round "9.7"]
[White "Bodor, Tamas"]
[Black "Kulhanek, Jozsef"]
[Result "0-1"]
[WhiteElo "1816"]
[BlackElo "1645"]
[PlyCount "98"]
[EventDate "2012.09.29"]
[EventType "team-tourn"]
[EventRounds "10"]
[EventCountry "HUN"]
[SourceTitle "EXT 2014"]
[Source "ChessBase"]
[SourceDate "2013.11.20"]
[SourceVersion "1"]
[SourceVersionDate "2013.11.20"]
[SourceQuality "1"]
[WhiteTeam "Acsi Kinizsi SC"]
[BlackTeam "Koernyei SE"]
[WhiteTeamCountry "HUN"]
[BlackTeamCountry "HUN"]

1. e4 e6 2. Qe2 c6 3. Nc3 Bc5 4. Nf3 Ne7 5. d4 Bb4 6. a3 Ba5 7. Bd2 0-0 8. 0-0-0 b5 9. h4 b4 10. axb4 Bxb4 11. Qc4 a5 12. g4 d5 13. exd5 exd5 14. Qb3 Bxg4 15. Be2 Nf5 16. Rdg1 Bxf3 17. Be3 Bxe2 18. Nxe2 Nd7 19. Qd3 Nxe3 20. Qxe3 Qf6 21. Nf4 Kh8 22. Nh5 Qh6 23. Rg5 f6 24. Rxg7 Qxe3+ 25. fxe3 Nb6 26. Rc7 Nc4 27. Rf1 Rg8 28. Nxf6 Rg7 29. Rxg7 Kxg7 30. c3 Be7 31. Ng4 Bxh4 32. b3 Nd6 33. Ne5 Rc8 34. Rg1+ Kh6 35. c4 Nf5 36. Kd2 Kh5 37. Rf1 Ng3 38. Rf7 h6 39. cxd5 cxd5 40. Nf3 Ne4+ 41. Ke2 Rc2+ 42. Kd1 Rb2 43. Kc1 Rxb3 44. Rf5+ Kg4 45. Nxh4 Kxh4 46. Rxd5 Rxe3 47. Rxa5 h5 48. d5 Kg4 49. Kd1 h4 0-1

[Event "Komarom Esztergom County-chT"]
[Site "Hungary"]
[Date "2012.12.16"]
[Round "4.8"]
[White "Bodor, Tamas"]
[Black "Lauran, Janos"]
[Result "0-1"]
[WhiteElo "1816"]
[BlackElo "1939"]
[PlyCount "24"]
[EventDate "2012.09.29"]
[EventType "team-tourn"]
[EventRounds "10"]
[EventCountry "HUN"]
[SourceTitle "EXT 2014"]
[Source "ChessBase"]
[SourceDate "2013.11.20"]
[SourceVersion "1"]
[SourceVersionDate "2013.11.20"]
[SourceQuality "1"]
[WhiteTeam "Acsi Kinizsi SC"]
[BlackTeam "Koernyei SE"]
[WhiteTeamCountry "HUN"]
[BlackTeamCountry "HUN"]

1. d4 Nf6 2. Nf3 e6 3. g3 c5 4. Bg2 Nc6 5. 0-0 Qb6 6. c3 d5 7. Qb3 Qxb3 8. axb3 cxd4 9. Nxd4 Nxd4 10. cxd4 Bd7 11. Nc3 Bc6 12. Na4 b6 0-1

[Event "HUN-chT2 Breyer 0910"]
[Site "Hungary"]
[Date "2010.05.02"]
[Round "11"]
[White "Sopow, Tamas"]
[Black "Bodor, Tamas"]
[Result "1/2-1/2"]
[WhiteElo "1814"]
[BlackElo "1910"]
[PlyCount "62"]
[EventDate "2009.11.08"]
[EventType "team-tourn"]
[EventRounds "11"]
[EventCountry "HUN"]
[SourceTitle "EXT 2011"]
[Source "ChessBase"]
[SourceDate "2010.11.26"]
[SourceVersion "1"]
[SourceVersionDate "2010.11.26"]
[SourceQuality "1"]
[WhiteTeam "Turul"]
[BlackTeam "Gyor Komszomol"]
[WhiteTeamCountry "HUN"]
[BlackTeamCountry "HUN"]

1. c4 e6 2. Nc3 d5 3. cxd5 exd5 4. d4 Nf6 5. Bf4 c6 6. e3 Bf5 7. Bd3 Bxd3 8. Qxd3 Qa5 9. Nge2 Ne4 10. 0-0 Nxc3 11. Qxc3 Bb4 12. Qb3 Qb6 13. a3 Be7 14. Qc2 0-0 15. Ng3 Nd7 16. Nf5 Rfe8 17. Qe2 Bf8 18. Qg4 Kh8 19. Qg3 Re6 20. Bc7 Qa6 21. h4 Qd3 22. Nd6 Bxd6 23. Bxd6 Rae8 24. Bf4 Rg6 25. Qf3 Qf5 26. h5 Rge6 27. g4 Qe4 28. Qxe4 dxe4 29. Kg2 g6 30. hxg6 Rxg6 31. Kh3 Kg8 1/2-1/2

[Event "HUN-chT2 Breyer 0910"]
[Site "Hungary"]
[Date "2009.11.22"]
[Round "2"]
[White "Brayer, Janos"]
[Black "Bodor, Tamas"]
[Result "1/2-1/2"]
[WhiteElo "2078"]
[BlackElo "1910"]
[PlyCount "62"]
[EventDate "2009.11.08"]
[EventType "team-tourn"]
[EventRounds "11"]
[EventCountry "HUN"]
[SourceTitle "EXT 2011"]
[Source "ChessBase"]
[SourceDate "2010.11.26"]
[SourceVersion "1"]
[SourceVersionDate "2010.11.26"]
[SourceQuality "1"]
[WhiteTeam "Kisber Aszar"]
[BlackTeam "Gyor Komszomol"]
[WhiteTeamCountry "HUN"]
[BlackTeamCountry "HUN"]

1. d4 Nf6 2. Nf3 g6 3. Nbd2 Bg7 4. e4 d6 5. Bc4 Nbd7 6. e5 dxe5 7. dxe5 Nh5 8. e6 fxe6 9. Bxe6 Ne5 10. Bxc8 Rxc8 11. Nxe5 Bxe5 12. Qe2 Qd5 13. Nf3 Bf4 14. 0-0 0-0 15. Re1 Bxc1 16. Raxc1 Nf4 17. Qe4 Nh3+ 18. gxh3 Qxe4 19. Rxe4 Rxf3 20. Rxe7 Rcf8 21. Rf1 R8f7 22. Rxf7 Rxf7 23. Rd1 Re7 24. Kf1 Kf7 25. Rd3 b6 26. Re3 Rd7 27. Ke2 Kf6 28. Re4 Rd5 29. Rf4+ Ke6 30. h4 b5 31. c3 Ke7 1/2-1/2

[Event "HUN-chT2 Breyer 0809"]
[Site "Hungary"]
[Date "2009.04.19"]
[Round "11"]
[White "Bodor, Tamas"]
[Black "Horkai, Andras"]
[Result "1/2-1/2"]
[WhiteElo "1910"]
[BlackElo "2085"]
[PlyCount "23"]
[EventDate "2008.10.26"]
[EventType "team-tourn"]
[EventRounds "11"]
[EventCountry "HUN"]
[SourceTitle "EXT 2010"]
[Source "ChessBase"]
[SourceDate "2010.11.25"]
[SourceVersion "1"]
[SourceVersionDate "2010.11.25"]
[SourceQuality "1"]
[WhiteTeam "Gyor Komszomol"]
[BlackTeam "Vizugy"]
[WhiteTeamCountry "HUN"]
[BlackTeamCountry "HUN"]

1. e4 c5 2. c3 d5 3. exd5 Qxd5 4. d4 e5 5. dxe5 Qxe5+ 6. Qe2 Nc6 7. Bf4 Qxe2+ 8. Bxe2 Nf6 9. Na3 Nd5 10. Bg3 Be6 11. 0-0-0 0-0-0 12. Nf3 1/2-1/2

[Event "HUN-chT2 Breyer 0809"]
[Site "Hungary"]
[Date "2008.11.02"]
[Round "2"]
[White "Kormos, Andras"]
[Black "Bodor, Tamas"]
[Result "1-0"]
[WhiteElo "2143"]
[BlackElo "1910"]
[PlyCount "75"]
[EventDate "2008.10.26"]
[EventType "team-tourn"]
[EventRounds "11"]
[EventCountry "HUN"]
[SourceTitle "EXT 2010"]
[Source "ChessBase"]
[SourceDate "2010.11.25"]
[SourceVersion "1"]
[SourceVersionDate "2010.11.25"]
[SourceQuality "1"]
[WhiteTeam "BEAC II"]
[BlackTeam "Gyor Komszomol"]
[WhiteTeamCountry "HUN"]
[BlackTeamCountry "HUN"]

1. g3 d5 2. Bg2 Nf6 3. d3 e5 4. Bg5 Be7 5. Nd2 h6 6. Bxf6 Bxf6 7. e4 d4 8. Ne2 0-0 9. f4 c5 10. 0-0 Nc6 11. Nf3 Qc7 12. Qd2 b5 13. a4 Ba6 14. axb5 Bxb5 15. b3 a5 16. Ra3 Qb6 17. fxe5 Nxe5 18. Nxe5 Bxe5 19. Nf4 Bc6 20. Rfa1 Qb4 21. Qc1 Bxf4 22. gxf4 a4 23. bxa4 Rxa4 24. Rxa4 Bxa4 25. Kf2 Bc6 26. Rb1 Qa5 27. Rb3 Ba4 28. Ra3 Qb4 29. c3 Qb5 30. cxd4 cxd4 31. Qa1 Rd8 32. Rxa4 Qxd3 33. Bf3 Qc2+ 34. Kg3 d3 35. Ra8 Qc7 36. Qe5 Qd7 37. Rxd8+ Qxd8 38. Qd5 1-0

[Event "HUN-chT2 Szechenyi 0607"]
[Site "Hungary"]
[Date "2007.03.25"]
[Round "7"]
[White "Bodor, Tamas"]
[Black "Mazak, Lajos"]
[Result "1-0"]
[WhiteElo "1942"]
[BlackElo "2009"]
[PlyCount "83"]
[EventDate "2006.11.12"]
[EventType "team"]
[EventRounds "11"]
[EventCountry "HUN"]
[SourceTitle "EXT 2008"]
[Source "ChessBase"]
[SourceDate "2007.11.25"]
[SourceVersion "1"]
[SourceVersionDate "2007.11.25"]
[SourceQuality "1"]
[WhiteTeam "Gyor Komszomol"]
[BlackTeam "Peti MTE"]
[WhiteTeamCountry "HUN"]
[BlackTeamCountry "HUN"]

1. e4 c5 2. c3 d6 3. d4 cxd4 4. cxd4 Nf6 5. Nc3 a6 6. Nf3 e6 7. Be2 Be7 8. 0-0 Nc6 9. h3 Qc7 10. Be3 0-0 11. Rc1 Qb8 12. a3 Bd7 13. Na4 Bd8 14. Bd3 b5 15. Nc3 e5 16. b4 h6 17. Qd2 Kh7 18. Nd5 Ng8 19. dxe5 Nxe5 20. Nxe5 dxe5 21. f4 Be6 22. fxe5 Qxe5 23. Nf4 Bg5 24. Rc5 Qb8 25. e5+ Kh8 26. Be4 Bxf4 27. Bxf4 Ra7 28. Bb1 Qd8 29. Qc2 g6 30. Rd1 Rd7 31. Rd6 Rxd6 32. exd6 Bf5 33. Qc3+ f6 34. Bxf5 gxf5 35. Rxf5 Qd7 36. Rc5 Rd8 37. Rc7 Qf5 38. Qe3 Rd7 39. Bxh6 Rxd6 40. Bg7+ Kh7 41. Bxf6+ Kg6 42. Qg3+ 1-0

[Event "HUN-chT2 Szechenyi 0506"]
[Site "Hungary"]
[Date "2005.12.04"]
[Round "5"]
[White "Pal, Csanad"]
[Black "Bodor, Tamas"]
[Result "0-1"]
[WhiteElo "1828"]
[BlackElo "1958"]
[PlyCount "85"]
[EventDate "2005.10.16"]
[EventType "team"]
[EventRounds "11"]
[EventCountry "HUN"]
[SourceTitle "EXT 2009"]
[Source "ChessBase"]
[SourceDate "2008.11.26"]
[SourceVersion "1"]
[SourceVersionDate "2008.11.26"]
[SourceQuality "1"]
[WhiteTeam "HVSE Infraplan II"]
[BlackTeam "Gyor Komszomol"]
[WhiteTeamCountry "HUN"]
[BlackTeamCountry "HUN"]

1. e4 e6 2. d4 d5 3. Nd2 Nf6 4. e5 Nfd7 5. Ngf3 c5 6. c3 Nc6 7. Bb5 Qb6 8. Bxc6 bxc6 9. Nb3 Ba6 10. dxc5 Qc7 11. Bf4 Bxc5 12. Nxc5 Nxc5 13. Qd4 Nd3+ 14. Kd2 Nxf4 15. Qxf4 Qb6 16. Kc2 Qxf2+ 17. Qd2 Qxd2+ 18. Kxd2 c5 19. b3 Ke7 20. Ke3 Rab8 21. Kf4 Rhd8 22. Rad1 Be2 23. Rd2 Bxf3 24. gxf3 f6 25. exf6+ gxf6 26. Rg1 Rg8 27. Rdg2 Rxg2 28. Rxg2 Kf7 29. c4 d4 30. Ke4 a5 31. h4 Rb4 32. Rb2 Rb8 33. Kf4 Rg8 34. Rh2 Rg1 35. Ke4 Re1+ 36. Kf4 Re3 37. Rf2 e5+ 38. Kg4 Ke6 39. Rf1 Re2 40. f4 e4 41. Ra1 d3 42. a3 f5+ 43. Kg3 0-1

[Event "HUN-chT2 Szechenyi 0405"]
[Site "Hungary"]
[Date "2005.02.20"]
[Round "8"]
[White "Sardy, Peter"]
[Black "Bodor, Tamas"]
[Result "1-0"]
[WhiteElo "2313"]
[BlackElo "2003"]
[PlyCount "87"]
[EventDate "2004.09.26"]
[EventType "team"]
[EventRounds "11"]
[EventCountry "HUN"]
[SourceTitle "EXT 2009"]
[Source "ChessBase"]
[SourceDate "2008.11.26"]
[SourceVersion "1"]
[SourceVersionDate "2008.11.26"]
[SourceQuality "1"]
[WhiteTeam "Lovo"]
[BlackTeam "Gyor Vizugy"]
[WhiteTeamCountry "HUN"]
[BlackTeamCountry "HUN"]

1. e4 e6 2. d4 d5 3. Nc3 Nf6 4. e5 Nfd7 5. f4 c5 6. Nf3 Nc6 7. Be3 cxd4 8. Nxd4 Nxd4 9. Bxd4 Bc5 10. Bxc5 Nxc5 11. Qd4 Qb6 12. 0-0-0 Bd7 13. Be2 Na6 14. Qxb6 axb6 15. Rd4 Ke7 16. Rhd1 Rhc8 17. Bf3 Rc7 18. Bxd5 Bc6 19. Bxc6 bxc6 20. a3 Nc5 21. Ne4 Nxe4 22. Rxe4 Ra5 23. c4 b5 24. c5 Rca7 25. Rd6 Ra4 26. Red4 R4a6 27. Rd8 Ra4 28. Kc2 Rc4+ 29. Rxc4 Kxd8 30. Rd4+ Kc7 31. g4 Ra8 32. Kd3 h5 33. f5 exf5 34. gxf5 g5 35. Ke4 Re8 36. Rd6 h4 37. f6 g4 38. Kf4 g3 39. hxg3 hxg3 40. Rd3 g2 41. Rg3 Rd8 42. Rxg2 Rd4+ 43. Kf5 Rd3 44. Rg7 1-0

[Event "HUN-chT2 Szechenyi 0405"]
[Site "Hungary"]
[Date "2005.02.06"]
[Round "7"]
[White "Bodor, Tamas"]
[Black "Soponyai, Andras"]
[Result "0-1"]
[WhiteElo "2003"]
[BlackElo "2083"]
[PlyCount "60"]
[EventDate "2004.09.26"]
[EventType "team"]
[EventRounds "11"]
[EventCountry "HUN"]
[SourceTitle "EXT 2009"]
[Source "ChessBase"]
[SourceDate "2008.11.26"]
[SourceVersion "1"]
[SourceVersionDate "2008.11.26"]
[SourceQuality "1"]
[WhiteTeam "Gyor Vizugy"]
[BlackTeam "Haladas II"]
[WhiteTeamCountry "HUN"]
[BlackTeamCountry "HUN"]

1. e4 e6 2. d4 d5 3. exd5 exd5 4. Bd3 Nc6 5. c3 Bd6 6. Ne2 Bg4 7. Qc2 h6 8. 0-0 Nf6 9. b3 0-0 10. Ng3 Nh5 11. Nf5 Bf4 12. Bxf4 Nxf4 13. Ne3 Qg5 14. Nxg4 Qxg4 15. f3 Qe6 16. Qd2 Nxd3 17. Qxd3 Rfe8 18. Kf2 Re7 19. Na3 Qd6 20. Nc2 Qxh2 21. Ne3 Rae8 22. Rae1 Qh4+ 23. Kg1 Qg5 24. Kf2 Re6 25. Ng4 h5 26. Rxe6 Rxe6 27. Ne3 h4 28. Re1 Qg3+ 29. Kf1 h3 30. gxh3 Qxf3+ 0-1

[Event "HUN-chT2 Szechenyi 0405"]
[Site "Hungary"]
[Date "2005.01.23"]
[Round "6"]
[White "Oltean, Gusztav"]
[Black "Bodor, Tamas"]
[Result "1-0"]
[WhiteElo "2172"]
[BlackElo "2003"]
[PlyCount "77"]
[EventDate "2004.09.26"]
[EventType "team"]
[EventRounds "11"]
[EventCountry "HUN"]
[SourceTitle "EXT 2009"]
[Source "ChessBase"]
[SourceDate "2008.11.26"]
[SourceVersion "1"]
[SourceVersionDate "2008.11.26"]
[SourceQuality "1"]
[WhiteTeam "Veszprem"]
[BlackTeam "Gyor Vizugy"]
[WhiteTeamCountry "HUN"]
[BlackTeamCountry "HUN"]

1. Nf3 Nf6 2. c4 d6 3. g3 c6 4. Bg2 e5 5. d3 Be7 6. 0-0 0-0 7. Nc3 Na6 8. Rb1 Rb8 9. Be3 b6 10. b4 Ng4 11. Bd2 b5 12. cxb5 cxb5 13. Nd5 Bb7 14. Nxe7+ Qxe7 15. h3 Nf6 16. a4 Bc6 17. Rc1 Rfc8 18. Rxc6 Rxc6 19. Nxe5 Rc7 20. Nc6 Rxc6 21. Bxc6 bxa4 22. b5 Nc5 23. Be3 Nfd7 24. Qc2 Qe6 25. Kh2 Rc8 26. Ra1 Nb8 27. d4 Qb3 28. Qf5 Qe6 29. Qxe6 Nxe6 30. Rxa4 Nxc6 31. bxc6 d5 32. Rxa7 Kf8 33. Rd7 Rxc6 34. Rxd5 Rc2 35. Re5 Ke7 36. Kg2 Kd7 37. Kf3 f6 38. Ra5 Kc6 39. d5+ 1-0

[Event "Zalakaros op 23rd"]
[Site "Zalakaros"]
[Date "2004.05.20"]
[Round "7"]
[White "Lenz, Alarich"]
[Black "Bodor, Tamas"]
[Result "1-0"]
[WhiteElo "2181"]
[BlackElo "2038"]
[PlyCount "65"]
[EventDate "2004.05.14"]
[EventType "swiss"]
[EventRounds "9"]
[EventCountry "HUN"]
[SourceTitle "EXT 2008"]
[Source "ChessBase"]
[SourceDate "2007.11.25"]
[SourceVersion "1"]
[SourceVersionDate "2007.11.25"]
[SourceQuality "1"]

1. c4 Nf6 2. Nf3 g6 3. Nc3 Bg7 4. e4 d6 5. d4 0-0 6. h3 Nbd7 7. Bg5 c5 8. d5 Qa5 9. Qd2 a6 10. a4 Rb8 11. Bd3 Ne5 12. Nxe5 dxe5 13. 0-0 Bd7 14. Bh6 Nh5 15. Bg5 Nf6 16. Be2 Rbe8 17. Ra3 Kh8 18. f4 exf4 19. e5 Ng8 20. Bxf4 e6 21. Rb3 exd5 22. cxd5 Bxe5 23. Bxe5+ Rxe5 24. Rxb7 Bf5 25. Bc4 Rd8 26. Qf4 f6 27. Qh4 g5 28. Qf2 Bc8 29. Rf7 Rf5 30. Qc2 Rxf1+ 31. Bxf1 f5 32. Qd2 Qb6 33. Qxg5 1-0

[Event "Zalakaros op 23rd"]
[Site "Zalakaros"]
[Date "2004.05.18"]
[Round "5"]
[White "Meshcheriakova, Evgenia"]
[Black "Bodor, Tamas"]
[Result "1-0"]
[WhiteElo "2206"]
[BlackElo "2038"]
[PlyCount "65"]
[EventDate "2004.05.14"]
[EventType "swiss"]
[EventRounds "9"]
[EventCountry "HUN"]
[SourceTitle "EXT 2008"]
[Source "ChessBase"]
[SourceDate "2007.11.25"]
[SourceVersion "1"]
[SourceVersionDate "2007.11.25"]
[SourceQuality "1"]

1. e4 e6 2. d4 d5 3. Nd2 Nf6 4. e5 Nfd7 5. c3 c5 6. Bd3 Nc6 7. Ne2 f6 8. Nf4 Qe7 9. exf6 Nxf6 10. Nf3 c4 11. Bc2 Bd7 12. 0-0 0-0-0 13. Re1 Re8 14. Ng5 Nd8 15. b3 Qd6 16. Nf3 g5 17. Ne2 h6 18. Ne5 Bb5 19. a4 Ba6 20. b4 b6 21. b5 Bb7 22. Bg6 Qc7 23. Bxe8 Nxe8 24. Ng3 Nf6 25. Nh5 Ne4 26. f3 Nd6 27. Qc2 Nf5 28. Ng6 Rg8 29. Nxf8 Rxf8 30. Ba3 Rg8 31. Rxe6 Nxd4 32. cxd4 Nxe6 33. Qf5 1-0

[Event "Zalakaros op 23rd"]
[Site "Zalakaros"]
[Date "2004.05.16"]
[Round "3"]
[White "Balasko, Jozsef"]
[Black "Bodor, Tamas"]
[Result "0-1"]
[WhiteElo "1801"]
[BlackElo "2038"]
[PlyCount "114"]
[EventDate "2004.05.14"]
[EventType "swiss"]
[EventRounds "9"]
[EventCountry "HUN"]
[SourceTitle "EXT 2008"]
[Source "ChessBase"]
[SourceDate "2007.11.25"]
[SourceVersion "1"]
[SourceVersionDate "2007.11.25"]
[SourceQuality "1"]

1. Nf3 c5 2. g3 Nc6 3. Bg2 g6 4. d3 Bg7 5. 0-0 Qb6 6. c3 Nf6 7. Qc2 0-0 8. e4 e5 9. h3 d6 10. Be3 Qc7 11. Nbd2 b5 12. Rac1 Be6 13. b3 Qc8 14. Kh2 a5 15. d4 cxd4 16. cxd4 Nb4 17. Qb1 Qb8 18. d5 Bd7 19. a3 Na6 20. Qd3 Qb7 21. Rc2 Rfc8 22. Rfc1 Rxc2 23. Rxc2 Rc8 24. Bf1 Ne8 25. Rxc8 Qxc8 26. Nb1 Nc5 27. Qc2 b4 28. a4 Nxe4 29. Qxe4 Bf5 30. Qh4 Bxb1 31. Ng5 Nf6 32. Bc4 h6 33. Nxf7 Kxf7 34. f4 Qf5 35. fxe5 Qxe5 36. Bd4 Qg5 37. Qxg5 hxg5 38. Bb6 Be4 39. Bxa5 Nxd5 40. Bxb4 Ke7 41. Bd2 Bf6 42. a5 Kd7 43. a6 Kc7 44. Ba5+ Kb8 45. b4 Ne3 46. Be2 Nf5 47. b5 Be5 48. Be1 Nd4 49. Bd1 Nxb5 50. h4 gxh4 51. Kh3 hxg3 52. Bxg3 Bxg3 53. Kxg3 Ka7 54. Kf4 Bf5 55. Bb3 Kxa6 56. Kg5 Kb6 57. Kf6 Kc5 0-1

[Event "Zalakaros op 23rd"]
[Site "Zalakaros"]
[Date "2004.05.15"]
[Round "2"]
[White "Bodor, Tamas"]
[Black "Horvath, Tamas5555"]
[Result "0-1"]
[WhiteElo "2038"]
[BlackElo "1684"]
[PlyCount "34"]
[EventDate "2004.05.14"]
[EventType "swiss"]
[EventRounds "9"]
[EventCountry "HUN"]
[SourceTitle "EXT 2008"]
[Source "ChessBase"]
[SourceDate "2007.11.25"]
[SourceVersion "1"]
[SourceVersionDate "2007.11.25"]
[SourceQuality "1"]

1. e4 e5 2. Nf3 Nc6 3. Bc4 Bc5 4. b4 Bxb4 5. c3 Bc5 6. Qb3 Qe7 7. d4 exd4 8. Bg5 f6 9. Bxg8 fxg5 10. Qd5 dxc3 11. Bxh7 Nb4 12. Bg6+ Kd8 13. Qc4 Nc2+ 14. Kd1 Nxa1 15. Nxc3 Qd6+ 16. Nd5 c6 17. Nxg5 Qxg6 0-1

[Event "Zalakaros op 23rd"]
[Site "Zalakaros"]
[Date "2004.05.14"]
[Round "1"]
[White "Majeric, Zoran"]
[Black "Bodor, Tamas"]
[Result "1-0"]
[WhiteElo "2366"]
[BlackElo "2038"]
[PlyCount "68"]
[EventDate "2004.05.14"]
[EventType "swiss"]
[EventRounds "9"]
[EventCountry "HUN"]
[SourceTitle "EXT 2008"]
[Source "ChessBase"]
[SourceDate "2007.11.25"]
[SourceVersion "1"]
[SourceVersionDate "2007.11.25"]
[SourceQuality "1"]

1. e4 e6 2. d4 d5 3. Nc3 Nf6 4. Bg5 Bb4 5. e5 h6 6. Bd2 Bxc3 7. bxc3 Ne4 8. Qg4 Kf8 9. Bc1 Nd7 10. Bd3 f5 11. exf6 Ndxf6 12. Qg6 Qe8 13. Qxe8+ Kxe8 14. Ne2 Bd7 15. f3 Nd6 16. Rb1 Kf7 17. Nf4 g5 18. Ng6 Rhb8 19. Ne5+ Kg7 20. h4 g4 21. fxg4 Bc6 22. g5 hxg5 23. Bxg5 Nfe4 24. 0-0 Rf8 25. Be7 Rxf1+ 26. Rxf1 Rh8 27. g4 Be8 28. h5 Kh6 29. Kg2 Rg8 30. Kh3 Bb5 31. Kh4 Re8 32. Bxd6 Bxd3 33. Bf8+ Rxf8 34. Rxf8 Bxc2 1-0

[Event "HUN-chT2 Szechenyi 0304"]
[Site "Hungary"]
[Date "2003.11.16"]
[Round "3"]
[White "Elo, Istvan"]
[Black "Bodor, Tamas"]
[Result "1-0"]
[WhiteElo "2110"]
[BlackElo "2038"]
[PlyCount "71"]
[EventDate "2003.09.28"]
[EventType "team"]
[EventRounds "11"]
[EventCountry "HUN"]
[SourceTitle "EXT 2009"]
[Source "ChessBase"]
[SourceDate "2008.11.26"]
[SourceVersion "1"]
[SourceVersionDate "2008.11.26"]
[SourceQuality "1"]
[WhiteTeam "Flesch"]
[BlackTeam "Gyor Vizugy"]
[WhiteTeamCountry "HUN"]
[BlackTeamCountry "HUN"]

1. e4 c5 2. Nc3 g6 3. g3 Bg7 4. Bg2 Nc6 5. Nge2 Nf6 6. 0-0 0-0 7. d3 a6 8. f4 e5 9. h3 d6 10. g4 exf4 11. Bxf4 Ne5 12. Qd2 Be6 13. Bg5 h6 14. Bxh6 Bxh6 15. Qxh6 Nfxg4 16. hxg4 Nxg4 17. Qf4 Kg7 18. Nd5 Rh8 19. Qg3 Rh4 20. Nef4 Bd7 21. Nh3 Ne5 22. Nf6 Qh8 23. Nxd7 Rg4 24. Qe3 Nxd7 25. Rxf7+ Kxf7 26. Qf3+ Nf6 27. Rf1 Ke7 28. e5 dxe5 29. Qxb7+ Nd7 30. Rf7+ Kxf7 31. Qxd7+ Kg8 32. Qxg4 Rf8 33. Bd5+ Kg7 34. Ng5 Kf6 35. Ne6 Re8 36. Qg5+ 1-0

[Event "HUN-chT2 Szechenyi 0203"]
[Site "Hungary"]
[Date "2003.03.02"]
[Round "8"]
[White "Foki, Robert"]
[Black "Bodor, Tamas"]
[Result "1/2-1/2"]
[WhiteElo "1836"]
[BlackElo "2064"]
[PlyCount "166"]
[EventDate "2002.09.22"]
[EventType "team"]
[EventRounds "11"]
[EventCountry "HUN"]
[SourceTitle "EXT 2009"]
[Source "ChessBase"]
[SourceDate "2008.11.26"]
[SourceVersion "1"]
[SourceVersionDate "2008.11.26"]
[SourceQuality "1"]

1. d4 Nf6 2. c4 g6 3. Nf3 Bg7 4. g3 0-0 5. Bg2 d6 6. 0-0 Nbd7 7. Nc3 c6 8. Re1 e5 9. dxe5 dxe5 10. Qc2 Qc7 11. b3 Nc5 12. Ba3 Qa5 13. Na4 Nfd7 14. Rad1 Re8 15. Nxc5 Nxc5 16. Bc1 Bf5 17. Qb2 e4 18. Nd4 Ne6 19. b4 Qa4 20. Qb3 Qxb3 21. Nxb3 Rad8 22. Be3 Bc3 23. Bd2 Bxd2 24. Rxd2 Rxd2 25. Nxd2 Nd4 26. e3 Nc2 27. Rb1 Rd8 28. Nxe4 Nxb4 29. Bf3 a5 30. a3 Nc2 31. g4 Nxa3 32. Rxb7 Bxe4 33. Bxe4 Nxc4 34. Bxc6 Ne5 35. Ba4 Nxg4 36. h3 Ne5 37. Bb3 Ra8 38. f4 a4 39. Ba2 Nf3+ 40. Kf2 Nh4 41. Rxf7 Kh8 42. e4 Rb8 43. Kg3 Ng2 44. Ra7 Rb4 45. Ra8+ Kg7 46. Ra7+ Kh8 47. Kxg2 Rb2+ 48. Kg3 Rxa2 49. e5 Kg8 50. Kg4 Rg2+ 51. Kf3 Ra2 52. Ke4 a3 53. Kd5 Ra1 54. Ke6 Rf1 55. Ra8+ Kg7 56. Rxa3 Rxf4 57. Ra7+ Kf8 58. Rxh7 Rf3 59. h4 Rd3 60. Ra7 Rd4 61. Kf6 Rf4+ 62. Kxg6 Rxh4 63. Kg5 Rh1 64. Kf5 Rh5+ 65. Ke6 Rh6+ 66. Kd5 Rh1 67. Kd6 Rd1+ 68. Ke6 Re1 69. Ra8+ Kg7 70. Ra7+ Kf8 71. Rf7+ Ke8 72. Rh7 Kf8 73. Rh8+ Kg7 74. Rd8 Re2 75. Rd4 Kf8 76. Kd7 Kf7 77. Kd6 Re1 78. Kd7 Re2 79. Kd8 Ra2 80. Rd7+ Kf8 81. e6 Ra8+ 82. Kc7 Ra1 83. Rd6 Ke7 1/2-1/2

[Event "HUN-chT2 Szechenyi 0203"]
[Site "Hungary"]
[Date "2003.02.16"]
[Round "7"]
[White "Oltean, Gusztav"]
[Black "Bodor, Tamas"]
[Result "1-0"]
[WhiteElo "2193"]
[BlackElo "2064"]
[PlyCount "42"]
[EventDate "2002.09.22"]
[EventType "team"]
[EventRounds "11"]
[EventCountry "HUN"]
[SourceTitle "EXT 2009"]
[Source "ChessBase"]
[SourceDate "2008.11.26"]
[SourceVersion "1"]
[SourceVersionDate "2008.11.26"]
[SourceQuality "1"]

1. c4 Nf6 2. Nc3 g6 3. g3 Bg7 4. Bg2 0-0 5. d4 d6 6. e3 c6 7. Nge2 Bg4 8. h3 Bxe2 9. Qxe2 e5 10. dxe5 dxe5 11. b3 Qa5 12. Bb2 Na6 13. 0-0 Rad8 14. Rad1 Rxd1 15. Rxd1 Rd8 16. a3 Qc7 17. b4 Rd7 18. c5 Nb8 19. Rxd7 Qxd7 20. Qd1 Qxd1+ 21. Nxd1 Nbd7 1-0

[Event "HUN-chT2 Szechenyi 0203"]
[Site "Hungary"]
[Date "2002.10.13"]
[Round "2"]
[White "Tomasic, Roland"]
[Black "Bodor, Tamas"]
[Result "1-0"]
[WhiteElo "2048"]
[BlackElo "2064"]
[PlyCount "63"]
[EventDate "2002.09.22"]
[EventType "team"]
[EventRounds "11"]
[EventCountry "HUN"]
[SourceTitle "EXT 2009"]
[Source "ChessBase"]
[SourceDate "2008.11.26"]
[SourceVersion "1"]
[SourceVersionDate "2008.11.26"]
[SourceQuality "1"]

1. e4 e6 2. d4 d5 3. Nd2 Nf6 4. e5 Nfd7 5. c3 c5 6. Bd3 Nc6 7. Ndf3 Qb6 8. Ne2 cxd4 9. cxd4 Bb4+ 10. Kf1 f5 11. Be3 Nf8 12. h4 Bd7 13. a3 Be7 14. b4 Rc8 15. Qd2 a6 16. Bg5 h6 17. Bxe7 Nxe7 18. h5 Bb5 19. g3 Bxd3 20. Qxd3 Nh7 21. Kg2 Kd7 22. Nc3 Qc6 23. Rac1 Ng5 24. Nxg5 hxg5 25. Qd2 g4 26. Ne4 Qb6 27. Nc5+ Ke8 28. Qg5 Kf7 29. h6 Rxh6 30. Rxh6 gxh6 31. Qxh6 Ng8 32. Qh7+ 1-0

[Event "HUN-chT3 0102"]
[Site "Hungary"]
[Date "2001.10.14"]
[Round "2.2"]
[White "Paksa, Rudolf"]
[Black "Bodor, Tamas"]
[Result "1-0"]
[WhiteElo "2206"]
[BlackElo "2083"]
[PlyCount "41"]
[EventDate "2001.09.30"]
[EventType "team"]
[EventRounds "11"]
[EventCountry "HUN"]
[SourceTitle "EXT 2004"]
[Source "ChessBase"]
[SourceDate "2003.11.25"]
[SourceVersion "1"]
[SourceVersionDate "2003.11.25"]
[SourceQuality "1"]

1. e4 e6 2. d4 d5 3. Nc3 Nf6 4. e5 Nfd7 5. Nce2 c5 6. c3 Nc6 7. f4 Qb6 8. Nf3 cxd4 9. cxd4 Bb4+ 10. Kf2 Be7 11. g3 g5 12. Kg1 g4 13. Ne1 f5 14. h3 gxh3 15. Rxh3 Nf8 16. Nc2 Bd7 17. Nc3 0-0-0 18. b4 Bxb4 19. Rb1 Qa5 20. Nxb4 Nxb4 21. Qb3 1-0